History Quiz

Random History or Nation Quiz

Roman Vocabulary Quiz Stats

 Plays Quiz Updated Jun 15, 2015

Also try: Roman Numerals
Challenge
Share
Tweet
Embed
Score 0/18 Timer 04:00
6 Plays Today
Definition Roman Word % Correct
Arena combatantGladiator
85.2%
Formal robe, worn wrapped around the bodyToga
77%
Execution on the crossCrucifixion
68.6%
Channel or bridge used to convey waterAqueduct
68.2%
Middle of the monthIdes
66.7%
Commander of 60-80 soldiers (not actually 100)Centurion
63.7%
Highest political institution in ancient RomeSenate
60%
Place for politics, and public and private businessForum
56.8%
Leadership of three menTriumvirate
52%
Definition Roman Word % Correct
Unit of about 5,000 soldiersLegion
49.9%
Roman common personPlebeian
32.3%
One of two co-leaders of the Roman RepublicConsul
32.1%
Double-edged Roman swordGladius
29.1%
Roman aristrocratPatrician
27.8%
Roman Republican coins first minted in 211 BCDenarii
22.3%
Official who represented the common peopleTribune
20%
Official in charge of keeping public moralsCensor
16.4%
High priestPontiff
16.3%

You're not logged in!

Compare scores with friends on all Sporcle quizzes.
OR
Log In

You Might Also Like...

Show Comments

Extras

Top Quizzes Today


Score Distribution

Your Account Isn't Verified!

In order to create a playlist on Sporcle, you need to verify the email address you used during registration. Go to your Sporcle Settings to finish the process.

Report this User

Report this user for behavior that violates our Community Guidelines.

Details: